000 00686nam a2200217Ii 4500
003 JO-AjNU
008 230605s9999||||xx |||||||||||||| ||und||
020 _a9953-72-122-
040 _aJO-AjNU
_bara
_erda
_cJO-AjNU
041 _aara
050 1 4 _aRC261
100 3 _aرزق ، هيام/ م مشارك معصوم علامة,
_eauthor
_98167
245 0 0 _aاسرار الشفاء من السرطان
250 _aط1
264 3 1 _aبيروت:دار القلم للطباعة ، 1900
300 _a93ص
336 _atext
_btxt
_2rdacontent
337 _aunmediated
_bn
_2rdamedia
338 _avolume
_bnc
_2rdacarrier
650 4 _aامراض-العلاج من السرطان
_98168
999 _aA651
_c4219
_d4219